| 000 | 02193nam0a2200409 4500 | ||
|---|---|---|---|
| 001 | 13948 | ||
| 003 | http://www.sudoc.fr/289497159 | ||
| 005 | 20251009125905.0 | ||
| 010 | _a9782381980911 | ||
| 035 | _a(OCoLC)1536356784 | ||
| 073 | 0 | _a9782381980911 | |
| 090 | _a13948 | ||
| 099 | _o0 | ||
| 100 | _a20250916h20252025m y0frey50 ba | ||
| 101 | 0 | _afre | |
| 102 | _aFR | ||
| 105 | _ay ||||000by | ||
| 181 |
_6z01 _ctxt _2rdacontent |
||
| 181 | 1 |
_6z01 _ai# _bxxxe## |
|
| 182 |
_6z01 _cn _2rdamedia |
||
| 182 | 1 |
_6z01 _an |
|
| 183 | 1 |
_6z01 _anga _2RDAfrCarrier |
|
| 200 | 1 |
_aLa Contrebande _bLIVR |
|
| 214 | 0 |
_cL'Arche _dDL 2025 |
|
| 214 | 0 | _aMontreuil | |
| 215 | _a1 vol. (134 p.) | ||
| 215 | _d21 cm | ||
| 225 | 2 | _aDes écrits pour la parole | |
| 323 | _aindéfini | ||
| 330 | _aElles sont dix. Dix femmes. Dix corps, dix voix. Toutes prises par le théâtre ou le cinéma : dix contrebandières, toutes habitées par le désir de chercher quelque chose qui n’est pas de ce monde, de combattre la honte, l’asservissement amoureux, les humiliations, la morgue masculine, le silence imposé, les fardeaux de l’héritage ou de l’ambition, pour objecter, exister, vivre, tout changer. Que disent les destinées féminines au cinéma comme au théâtre, d’Ophélie à Scarlett Johansson ? Que nous révèlent les trajectoires de Margaret Hughes – première Desdémone de l’Histoire et grande briseuse de conventions sociales – ou de Peg Entwistle, qui mit fin à ses jours en sautant du haut des lettres blanches du panneau Hollywoodland ? À travers ces contrebandières, Fabrice Melquiot interroge les héritages culturels de la littérature occidentale, dont elles furent les héroïnes invisibles ou malmenées. Il revisite les classiques, les empoigne et les ranime, pour faire place à d’autres récits : ceux de femmes d’aujourd’hui, en lutte, en création, en vie. | ||
| 410 | _0234993022 | ||
| 410 |
_tDes écrits pour la parole _x2680-3305 |
||
| 608 |
_3027814157 _aThéâtre (genre littéraire) français _2rameau |
||
| 610 |
_aFéminisme _apersonnage |
||
| 700 | 1 |
_aMelquiot _bFabrice _f1972-.... |
|
| 700 | 1 |
_3050238361 _4070 |
|
| 801 | 3 |
_aFR _bAbes _c20250916 _gAFNOR |
|